000 00486nam a2200229Ia 4500
003 IT-RoPAU
008 120407s9999 xx 000 0 und d
040 _aIT-RoPAU
040 _cIT-RoPAU
041 _aita
100 _aGino Pizzeghello
245 2 _aA lode della sua gloria.
250 _aTorino
260 _aEdizioni Paoline
260 _c1992
300 _a53 p.
300 _c17 cm
490 _aAd uso manoscritto.
490 _v1
942 _cBK
999 _c35526
_d35526